[Event "Ljubljana-chT 63rd 3rd League"]
[Site "Ljubljana"]
[Date "2010.01.07"]
[Round "1.4"]
[White "Hocevar, Joze"]
[Black "Erazem, Franc"]
[Result "1/2-1/2"]
[WhiteElo "1521"]
[BlackElo "1680"]
[PlyCount "38"]
[EventDate "2010.01.07"]
[EventType "team-tourn"]
[EventRounds "10"]
[EventCountry "SLO"]
[SourceTitle "EXT 2022"]
[Source "ChessBase"]
[SourceDate "2021.10.06"]
[SourceVersion "1"]
[SourceVersionDate "2021.10.06"]
[SourceQuality "1"]

1. e4 b6 2. d4 Bb7 3. Nc3 Nf6 4. f3 e6 5. Bg5 Be7 6. Bd3 h6 7. Be3 d6 8. Nge2 Nbd7 9. Ng3 c5 10. Bc4 a6 11. a4 Qc7 12. Qe2 d5 13. exd5 exd5 14. Bb3 0-0 15. Qd2 c4 16. Ba2 Rfe8 17. 0-0-0 Qc6 18. Rhe1 Kh7 19. Bb1 Kg8 1/2-1/2